| Tag |
First Indicator |
Second Indicator |
Subfields |
| LEADER |
00000cam a2200000 a 4500 |
| 001 |
in00000016603 |
| 005 |
20151007052819.0 |
| 008 |
830307s1982 flu 00000 eng d |
| 035 |
|
|
|a (OCoLC)09285900
|
| 035 |
|
|
|9 AAA9296AM
|
| 040 |
|
|
|a FDA
|c FDA
|d TXA
|d UtOrBLW
|
| 049 |
|
|
|a TXAT
|
| 050 |
|
4 |
|a QE581
|b .F45 no.50
|
| 245 |
0 |
0 |
|a Ara Islas Orcadas cruise 1678 sediment descriptions /
|c by F. Amrisar Kaharoeddin [and others] ; edited by Dennis S. Cassidy.
|
| 264 |
|
1 |
|a Tallahassee, Fla. :
|b Antarctic Research Facility, Dept. of Geology, Florida State University,
|c 1982.
|
| 300 |
|
|
|a 172 pages :
|b illustrations ;
|c 29 cm.
|
| 336 |
|
|
|a text
|b txt
|2 rdacontent
|
| 337 |
|
|
|a unmediated
|b n
|2 rdamedia
|
| 338 |
|
|
|a volume
|b nc
|2 rdacarrier
|
| 490 |
1 |
|
|a Sedimentology Research Laboratory contribution ;
|v no. 50
|
| 504 |
|
|
|a Bibliography: pages 163-170.
|
| 650 |
|
0 |
|a Marine sediments
|z Antarctica.
|
| 700 |
1 |
|
|a Kaharoeddin, F. Amrisar.
|
| 700 |
1 |
|
|a Cassidy, Dennis S.
|q (Dennis Stephen)
|
| 710 |
2 |
|
|a Florida State University.
|b Antarctic Research Facility.
|
| 830 |
|
0 |
|a Contribution (Florida State University. Sedimentology Research Laboratory) ;
|v no. 50.
|
| 999 |
|
|
|a MARS
|
| 999 |
f |
f |
|s a7735fdc-0a87-36ee-a053-43ce1e129aa7
|i 2006264a-4b67-37c8-b5e7-a61cecebd187
|t 0
|
| 952 |
f |
f |
|p ric
|a Texas A&M University
|b Rellis Campus
|c Joint Library Facility
|s JLF
|d Remote Storage
|t 0
|e QE581 .F45 no. 50
|h Library of Congress classification
|i unmediated -- volume
|m A14827037619
|
| 998 |
f |
f |
|a QE581 .F45 no. 50
|t 0
|l Remote Storage
|